| 000 | 00621nam a2200217Ia 4500 | ||
|---|---|---|---|
| 005 | 20241129111452.0 | ||
| 008 | 241129s9999||||xx |||||||||||||| ||und|| | ||
| 020 | _a81-19533-46-1 | ||
| 037 | _aTB | ||
| 040 |
_aCRL _beng _cCRL |
||
| 041 |
_aurd _2urd |
||
| 084 |
_aO164,1L97:g 168R3 _qCRL |
||
| 100 |
_aIltefat Amjadi Tr. _9724504 |
||
| 245 | 0 |
_aRubaiyat-e-Ghalib _cIltefat Amjadi Tr. |
|
| 260 |
_aDelhi, India _bArshia Publications _c2023 |
||
| 300 | _a128p. | ||
| 365 |
_aINR _b250 |
||
| 650 |
_aPersian Literature Poetry _9723185 |
||
| 942 |
_cTB _hO164,1L97:g 168R3 |
||
| 999 |
_c1230610 _d1230610 |
||